000
00215 a2200097 4500
001
11386
100
_a
Deitchman, S.
245
_a
Limited War & American Defence
260
_a
_b
The M. I. T
_c
090
_c
8933
_d
8933
942
_a
NUST-CAE
_c
M
_c
35748
999
_c
246459
_d
246459